| 000 | 02700nam a22002534a 4500 | ||
|---|---|---|---|
| 003 | BOLpUSFA | ||
| 005 | 20260407145712.0 | ||
| 008 | t bo grm 001 | spa|| | ||
| 040 | _aBOLpUSFA | ||
| 041 | _aspa | ||
| 044 | _aBO | ||
| 082 |
_aDER0147 _bC988pT |
||
| 100 | _aCutili Huayhua, Maribel | ||
| 245 | _aPropuesta de reforma al Artículo 96 del Decreto Supremo No. 25235 para la promoción institucional del uso de cannabis medicinales en Bolivia | ||
| 260 |
_aEl Alto: _bUniversidad Privada San Francisco de Asís. Carrera de Derecho, _c2025 |
||
| 300 | _a142 p. | ||
| 502 | _aModalidad: Tesis de Grado - Tutora: Lic. María Luz Vargas Orellano | ||
| 520 | _aLa presente investigación aborda la problemática de la falta de promoción institucional del uso del cannabis medicinal en Bolivia, situación que limita el acceso informado de pacientes y profesionales de la salud a tratamientos terapéuticos alternativos. Pese a que el marco normativo compuesto por la Ley N.º 913 de 2017, la Ley N.º 1737 de 1996 y el Decreto Supremo N.º 25235 de 1998 permite su uso médico, la ausencia de un mandato reglamentario específico impide su implementación efectiva. El objetivo general fue proponer una reforma al artículo 96 del Decreto Supremo N.º 25235, incorporando un parágrafo que habilite la promoción institucional del cannabis medicinal por parte del Ministerio de Salud, garantizando el acceso informado y seguro de los pacientes. La justificación jurídica se sustenta en la necesidad de hacer operativos los artículos 35 y 37 de la Constitución Política del Estado, que obligan al Estado a promover la salud y garantizar el acceso a medicamentos. La justificación social radica en la urgencia de combatir el estigma y proporcionar información científica verificada a pacientes y personal médico. Metodológicamente, se aplicó un enfoque mixto con métodos dogmático-jurídico, deductivo y bioético-científico, combinando análisis normativo con encuestas aplicadas a médicos, farmacéuticos, enfermeras y pacientes. La investigación fue de tipo descriptivo y propositivo, con diseño no experimental y una muestra de 200 participantes. Los resultados evidencian un amplio desconocimiento y alta demanda de información oficial. En consecuencia, se propone una reforma legal que institucionalice la promoción científica y ética del cannabis medicinal en Bolivia. | ||
| 650 | _aDerecho | ||
| 650 | _aTesis de Grado | ||
| 650 | _aCannabis medicinal | ||
| 650 | _aPropuesta legal | ||
| 942 |
_2ddc _cTE _zLLO |
||
| 999 |
_c9692 _d9692 |
||